000 00724nam a2200217Ia 4500
003 OSt
005 20260107142501.0
008 220923b |||||||| |||| 00| 0 eng d
020 _a9781503600447
037 _cGeneral Book
040 _aRTL
_cRTL
_beng
041 _2eng
_aeng
084 _aY:3(S56).53, Q6
_qRTL
100 _aPerreau Bruno
_9247765
245 0 _aQueer theory: the french response
260 _aCalifornia
_bStanford University Press
_c2016
300 _ax, 276 p. : ill.
_bIncludes bibliographical references and index.
650 _aSociology
_9862638
942 _hY:3(S56).53, Q6
_cGB
_2CC
_n0
999 _c492105
_d492105